The Image Processing Handbook /

Saved in:
Bibliographic Details
Main Authors: Russ, John C. (Author), Neal, F. Brent (Author)
Format: Book
Language:English
Published: New York CRC Press 2016
Tags: Add Tag
No Tags, Be the first to tag this record!

MARC

LEADER 00000nam a22000003a 4500
001 0011800
003 SK-STU
005 20160121103847.9
007 ta
008 160121s ----xo-----e------000-0-----d
020 |a 978-1-4987-4026-5 
040 |a STU  |b slo 
041 0 |a eng 
044 |a xxu 
080 |a 621.38 
100 1 |a Russ, John C.  |r Z6  |4 aut 
245 1 0 |a The Image Processing Handbook /  |c aut. John C Russ, F. Brent Neal 
260 |a New York  |b CRC Press  |c 2016 
300 |a 1035 s. 
700 1 |a Neal, F. Brent  |r Z6  |4 aut 
996 |b 284EK89625  |c E* 89625  |l EE34  |s P  |a 0  |w 0011800_0001